<?xml version="1.0" encoding="UTF-8"?><?xml-stylesheet type="text/xsl" href="static/style.xsl"?><OAI-PMH xmlns="http://www.openarchives.org/OAI/2.0/" xmlns:xsi="http://www.w3.org/2001/XMLSchema-instance" xsi:schemaLocation="http://www.openarchives.org/OAI/2.0/ http://www.openarchives.org/OAI/2.0/OAI-PMH.xsd"><responseDate>2026-06-07T23:47:36Z</responseDate><request verb="GetRecord" identifier="oai:docta.ucm.es:20.500.14352/23728" metadataPrefix="marc">https://docta.ucm.es/rest/oai/request</request><GetRecord><record><header><identifier>oai:docta.ucm.es:20.500.14352/23728</identifier><datestamp>2024-07-24T17:10:52Z</datestamp><setSpec>com_20.500.14352_14</setSpec><setSpec>col_20.500.14352_15</setSpec></header><metadata><record xmlns="http://www.loc.gov/MARC21/slim" xmlns:dcterms="http://purl.org/dc/terms/" xmlns:xsi="http://www.w3.org/2001/XMLSchema-instance" xmlns:doc="http://www.lyncode.com/xoai" xsi:schemaLocation="http://www.loc.gov/MARC21/slim http://www.loc.gov/standards/marcxml/schema/MARC21slim.xsd">
   <leader>00925njm 22002777a 4500</leader>
   <datafield ind2=" " ind1=" " tag="042">
      <subfield code="a">dc</subfield>
   </datafield>
   <datafield ind2=" " ind1=" " tag="720">
      <subfield code="a">López Elorza, Maialen</subfield>
      <subfield code="e">author</subfield>
   </datafield>
   <datafield ind2=" " ind1=" " tag="720">
      <subfield code="a">Muñoz García, María Belén</subfield>
      <subfield code="e">author</subfield>
   </datafield>
   <datafield ind2=" " ind1=" " tag="720">
      <subfield code="a">González Acebrón, Laura</subfield>
      <subfield code="e">author</subfield>
   </datafield>
   <datafield ind2=" " ind1=" " tag="720">
      <subfield code="a">Martín Chivelet, Javier</subfield>
      <subfield code="e">author</subfield>
   </datafield>
   <datafield ind2=" " ind1=" " tag="260">
      <subfield code="c">2016</subfield>
   </datafield>
   <datafield ind2=" " ind1=" " tag="520">
      <subfield code="a">Los espeleotemas presentan inclusiones fluidas que pueden utilizarse como proxy paleoclimático ya que sus características dependen de las condiciones físicoquímicas y ambientales bajo las que se generaron. En esta línea, su caracterización petrográfica aparece como una tarea fundamental, previa a cualquier otro tipo de análisis. En este trabajo se presenta el estudio petrográfico de las inclusiones fluidas de dos coladas de Cueva del Cobre (Palencia), que ha permitido clasificarlas en siete tipos en función de su morfología (thorn shaped, boudin shaped, elongate, amorphous, oval shaped, pyriform y round shaped). Todas ellas son monofásicas líquidas. Dependiendo del tipo de morfología de las inclusiones, su posición en relación al cristal encajante es variable, siendo las elongated y thorn shaped exclusivamente intercristalinas, y todas las demás intracristalinas. Un análisis comparativo con inclusiones descritas en calcitas no espeleotémicas revela que las inclusiones fluidas elongated, amorphous y oval shaped son también comunes en esas calcitas, mientras que las pyriform y las boudin shaped no han sido descritas hasta ahora.</subfield>
   </datafield>
   <datafield ind2=" " ind1=" " tag="520">
      <subfield code="a">Speleothems show fluid inclusions which can be used as paleoclimate proxy, as their features depend on
the physicochemical and environmental conditions under which they were formed. In this line, their petrographic study
arises as a fundamental task prior to any further analysis. This paper shows the petrographic study of the inclusions of
two flowstones from Cueva del Cobre (Palencia), which has allowed the recognition of seven types of fluid inclusions
according to their morphology (thorn shaped, boudin shaped, elongate, amorphous, oval shaped, pyriform and round
shaped), all of them monophasic. It should be noted that elongated and thorn-shape inclusions are exclusively
intercrystalline, and the others are intracrystalline. A comparative analysis of these inclusions with those described in
non-speleothemic calcites reveals that elongated, amorphous, and oval shaped morphologies are also common in those
calcites, but pyriform and boudin shaped inclusions have been never described in previous works.</subfield>
   </datafield>
   <datafield ind1="8" ind2=" " tag="024">
      <subfield code="a">1576-5172</subfield>
   </datafield>
   <datafield ind1="8" ind2=" " tag="024">
      <subfield code="a">https://hdl.handle.net/20.500.14352/23728</subfield>
   </datafield>
   <datafield ind1="8" ind2=" " tag="024">
      <subfield code="a">http://www.sociedadgeologica.es/publicaciones_geotemas.html</subfield>
   </datafield>
   <datafield ind2="0" ind1="0" tag="245">
      <subfield code="a">Petrografía de inclusiones fluidas en espeleotemas: comparación con calcitas no espeleotémicas</subfield>
   </datafield>
</record></metadata></record></GetRecord></OAI-PMH>